000 01018nam a2200313 i 4500
003 EG-GICUC
005 20260418112002.0
008 260418s1901 fr fr|||| 00| 0 fre d
040 _aEG-GiCUC
_bfre
_cEG-GiCUC
_dEG-GiCUC
_eRda
041 _afre
082 0 4 _221
_a343.6
_bGR . P
092 0 4 _221
099 _aLaw1 10 343.6 GR . P 1901
100 1 _aLa Grasserie, Raoul de.
_eAuteur
245 1 4 _aDes Principes Sociologiques De La Criminologie /
_cPar Raoul De La Grasserie ; Avec Une Préface Par C. Lombroso.
264 1 _a Paris :
_bV. Giard & E. Brière,
_c1901.
300 _a442page;
_c 24 cm.
336 _2rda contenu
_a texte
337 _2rda medias
_aOrdinateur
338 _2 transporteur rda
_a Ressource en ligne
546 _aTexte en français
650 1 _aDroit pénal
_2qrmak
650 1 _aCriminologie
651 1 _2qrmak
700 1 _aLombroso, Cesare.
_ePréfacier
856 4 0 _uhttps://fll.law.cu.edu.eg/fulltext/bks/B10-00549.pdf
905 _a167
942 _2ddc
_cBK
_e21
_n0
999 _c71624
_d71624